000 00745nam a2200253Ia 4500
003 OSt
005 20220918171359.0
006 a|||||r|||| 00| 0
007 ta
008 220917b |||||||| |||| 00| 0 eng d
020 _a9781590304976 (pbk)
_c1136.5
024 _a286,660
037 _b680, 01/12/2015, Selectbook Service Syndicate
_cTextual
040 _aARTS
_cARTS
_beng
041 _2eng
_aeng
082 _aQ4, P7
100 _aMcLeod Melvin Ed.
_936194
245 0 _aBest buddhist writing
260 _aBoston
_bShambhala UK
_c2007
300 _axiv, 334p.
_ccm.
650 _aRELIGION
942 _hQ4, P7
_cTEXL
_2CC
999 _c139294
_d139294